Communications (Record no. 2556)

MARC details
000 -LEADER
fixed length control field 00362nam a22001697a 4500
005 - DATE AND TIME OF LATEST TRANSACTION
control field 20160613164424.0
008 - FIXED-LENGTH DATA ELEMENTS--GENERAL INFORMATION
fixed length control field 160613b xxu||||| |||| 00| 0 eng d
020 ## - INTERNATIONAL STANDARD BOOK NUMBER
ISBN 81-7866-737-1
041 ## - LANGUAGE CODE
Language code of text/sound track or separate title eng
082 ## - DEWEY DECIMAL CLASSIFICATION NUMBER
Item number 7294
100 ## - MAIN ENTRY--AUTHOR NAME
Personal name Rayudu, C.S.
245 ## - TITLE STATEMENT
Title Communications
260 ## - PUBLICATION, DISTRIBUTION, ETC. (IMPRINT)
Name of publisher HPH
300 ## - PHYSICAL DESCRIPTION
Number of Pages 716
650 ## - SUBJECT ADDED ENTRY--TOPICAL TERM
Topical Term Management
942 ## - ADDED ENTRY ELEMENTS (KOHA)
Koha item type Books
Holdings
Lost status Damaged status Collection code Home library Current library Shelving location Date acquired Cost, normal purchase price Full call number Accession Number Koha item type
    MANAGEMENT JRU Library JRU Library SHELF-62 -M 13/06/2016 290.00 7294 7294 Books